| 000 | 00438nam a2200157 4500 | ||
|---|---|---|---|
| 001 | 137617 | ||
| 003 | ES-MaACL | ||
| 005 | 20230906195416.0 | ||
| 007 | t| | ||
| 008 | 070214s1944 ec r ||||1| spa d | ||
| 100 | 1 |
_aSalazar Orrego, Arturo. _9101826 |
|
| 245 | 1 | 0 |
_aCarta a la Eternidad / _cArturo Salazar Orrego. |
| 260 |
_aCuenca (Ecuador) : _bAustral, _c1944. |
||
| 300 |
_a124 p. ; _c18 cm. |
||
| 852 |
_aES-MaACL _jB-12603 _bR.29438 |
||
| 999 |
_c137617 _d137617 |
||